| 000 | 00611cab a2200193 4500 | ||
|---|---|---|---|
| 001 | WB2241-49 | ||
| 008 | 090401t1986 xxu||||| |||| 00| 0 eng d | ||
| 035 | _a(Sirsi) u2041 | ||
| 041 | _aeng | ||
| 245 | _aHigh-tech users need flexibility | ||
| 260 | _c1986 | ||
| 350 | _a0 | ||
| 490 |
_aDaily Telegraph _v14/10/86 p30 |
||
| 520 | _aLooks at the preferences of tenants of high tech buildings , noting the crucial roles played by location and adaptability of services within the buildings. | ||
| 650 | _aTENANTS REQUIREMENTS | ||
| 690 | _aPROPERTY-COMMERCIAL PROPERTY | ||
| 942 | _n0 | ||
| 948 | _c04/03/1997 | ||
| 999 |
_c1215 _d1215 |
||